Roman Life - Burial Places and Funeral Ceremonies - Statistics

General Stats
  • This quiz has been taken 39 times
  • The average score is 7 of 15
Answer Stats
Hint Answer % Correct
___ features tablets of the Res Gestae Mausoleum of Augustus
100%
empty tomb for if a body was lost as sea or otherwise unrecovered cenotaphium
67%
undertaker libitinarius/designator
67%
graves for the pauper class on the Esquiline Hill puticuli
67%
records of Augustus' accomplishments Res Gestae
67%
grave in which a body was burned bustum
33%
associations for meeting burial expenses of its members collegia funeraticia
33%
underground chambers which stored funeral urns (resembled a dovecote) columbaria
33%
process by which the eldest son bent over body of deceased father calling him by name, to recall to life conclamatio
33%
funeral for young children funus acerbum
33%
funeral for plebians funus plebeians
33%
funeral oration laudatio
33%
funeral couch in atrium on which dead body was placed lectus funebris
33%
funeral pyre rogus
33%
private burial plots ustrina
33%
No matching quizzes found
Score Distribution
Percent of People with Each Score
Percentile by Number Answered
Your Score History
You have not taken this quiz